MARC

LEADER 00000nam0a2200000 4500
001 296047
005 20231102000852.0
020 |a RU  |b 83-73315 
035 |a (RuTPU)RU\TPU\book\321140 
090 |a 296047 
100 |a 20150527d1983 km y0rusy5003 ca 
101 0 |a rus 
102 |a UA 
105 |a y z 100zy 
200 1 |a Механика неоднородных структур  |e тезисы докладов I Всесоюзной конференции (Львов, 6-8 сент. 1983 г.)  |f Академия наук Украинской ССР (АН УССР), Институт прикладных проблем механики и математики ; Львовский государственный университет ; под ред. И. Ф. Образцова, Я. С. Подстригача 
210 |a Киев  |c Наукова думка  |d 1983 
215 |a 250 с. 
606 1 |a Механика деформируемых сред  |2 stltpush  |3 (RuTPU)RU\TPU\subj\43565  |9 63052 
610 1 |a неоднородные структуры 
610 1 |a физико-механические свойства 
610 1 |a математические методы 
610 1 |a термомеханика 
610 1 |a термоупругие среды 
610 1 |a конференции 
675 |a 539.37(063)  |z rus  |v 3 
702 1 |a Образцов  |b И. Ф.  |4 340 
702 1 |a Подстригач  |b Я. С.  |4 340 
712 0 2 |a Академия наук Украинской ССР (АН УССР)  |b Институт прикладных проблем механики и математики  |2 stltpush  |3 (RuTPU)RU\TPU\col\11857 
712 0 2 |a Львовский государственный университет  |2 stltpush  |3 (RuTPU)RU\TPU\col\12540  |9 25444 
712 1 2 |a Механика неоднородных структур  |c конференция  |d 1  |e Львов  |f 1983  |4 570 
801 0 |a RU  |b RuMRKP  |c 19950704  |g psbo 
801 1 |a RU  |b 63413507  |c 20150527 
801 2 |a RU  |b 63413507  |c 20190318  |g RCR 
942 |c BK